000 006750000a22001930004500
020 _a84-8169-225-5
041 0 _aSPA
082 0 4 _aG 296.437 B486p
245 1 0 _aLa pascua y el paso del mar en las interpretaciones judías, cristianas y musulmanas / Michel Berder... [et. al.] ; José Pedro Tosaus, Traductor
260 _aEstella, Navarra : Verbo Divino
300 _a99 Pag
440 0 _aColección Documentos en torno a la Biblia
500 _aTítulo original : La pâsque et les passage et les passage de la mer
001 9103
942 _cBK
999 _c39182
_d39182
336 _atexto
_btxt
_2rdacontent
337 _2rdamedia
_asin mediación
_bn
338 _2rdacarrier
_avolumen
_bnc